Un cristiano en el mundo de hoy / (Record no. 90279)
[ view plain ]
| 000 -LEADER | |
|---|---|
| campo de control de longitud fija | 00499nam a2200169 i 4500 |
| 001 - NÚMERO DE CONTROL | |
| campo de control | 90279 |
| 003 - IDENTIFICADOR DE NÚMERO DE CONTROL | |
| campo de control | ES-MaACL |
| 005 - FECHA Y HORA DE LA ÚLTIMA TRANSACCIÓN | |
| campo de control | 20230906180412.0 |
| 007 - CAMPO FIJO DE DESCRIPCIÓN FÍSICA--INFORMACIÓN GENERAL | |
| campo de control de longitud fija | t| |
| 008 - DATOS DE LONGITUD FIJA--INFORMACIÓN GENERAL | |
| campo de control de longitud fija | 050119s1969 sp ||||1| spa d |
| 100 1# - ENTRADA PRINCIPAL--NOMBRE DE PERSONA | |
| Nombre de persona | Leger, Paul Emile. |
| 9 (RLIN) | 71277 |
| 245 13 - MENCIÓN DEL TÍTULO | |
| Título | Un cristiano en el mundo de hoy / |
| Mención de responsabilidad, etc. | Emile Leger ; [traducción de Antonio Paredes]. |
| 260 ## - PUBLICACIÓN, DISTRIBUCIÓN, ETC. | |
| Lugar de publicación, distribución, etc. | [Bilbao? : |
| Nombre del editor, distribuidor, etc. | Paulinas, |
| Fecha de publicación, distribución, etc. | 1969] |
| 300 ## - DESCRIPCIÓN FÍSICA | |
| Extensión | 185 p. ; |
| Dimensiones | 20 cm. |
| 700 1# - ENTRADA AGREGADA--NOMBRE PERSONAL | |
| Nombre de persona | Paredes, Antonio. |
| 9 (RLIN) | 89029 |
| 852 ## - LOCALIZACIÓN | |
| Ubicación | ES-MaACL |
| Número de control de estantería | C-50425 |
| Sublocalización o colección | R.69360 |
| Estatus retirado | Estado de pérdida | Estado de daño | No para préstamo | Biblioteca de origen | Biblioteca actual | Ubicación en estantería | Fecha de adquisición | Fuente de adquisición | Total de préstamos | Signatura topográfica completa | Código de barras | Visto por última vez | Precio de reemplazo | Tipo de ítem Koha |
|---|---|---|---|---|---|---|---|---|---|---|---|---|---|---|
| Biblioteca del Ateneo de Madrid | Biblioteca del Ateneo de Madrid | Depósito 2 | 17/01/2008 | C-50425 | 1094273 | 23/02/2023 | 23/02/2023 | Libro impreso |
